[Event "38. Open Ciutat de Badalona 2012"]
[Site "Badalona ESP"]
[Date "2012.08.01"]
[Round "1.1"]
[White "Cordova, Emilio"]
[Black "Krishna, C R G."]
[Result "1-0"]
[WhiteElo "2572"]
[BlackElo "2281"]
[PlyCount "77"]
[EventDate "2012.08.01"]
[EventType "swiss"]
[EventRounds "9"]
[EventCountry "ESP"]
[SourceTitle "Ajedrez en Madrid"]
[Source "lmi"]
[SourceDate "2012.08.01"]
[SourceVersion "1"]
[SourceVersionDate "2018.07.18"]
[SourceQuality "1"]

1. d4 f5 2. Bg5 c6 3. e3 Qb6 4. b3 d6 5. Bc4 g6 6. Nf3 Bg7 7. O-O Qc7 8. Qe2 e5
9. dxe5 dxe5 10. Bxg8 Rxg8 11. Rd1 Kf7 12. Qc4+ Be6 13. Qh4 Na6 14. Nbd2 Rh8
15. Bh6 Bf6 16. Ng5+ Ke7 17. Qa4 Rad8 18. Nxe6 Kxe6 19. Qc4+ Ke7 20. e4 Rd4 21.
Qe2 f4 22. Nf3 Rxd1+ 23. Rxd1 Rd8 24. Rxd8 Qxd8 25. g3 fxg3 26. hxg3 Nc7 27.
Qc4 Ne6 28. Qb4+ Ke8 29. Qxb7 Qd1+ 30. Kg2 Qxc2 31. Qb8+ Ke7 32. Qxa7+ Ke8 33.
Qb8+ Ke7 34. Qb4+ Kf7 35. Be3 g5 36. Qb7+ Kg6 37. Qd7 Qxe4 38. Qxe6 g4 39. Qg8+
1-0

[Event "38. Open Ciutat de Badalona 2012"]
[Site "Badalona ESP"]
[Date "2012.08.01"]
[Round "1.2"]
[White "Vittorino, Carlo Giovanni"]
[Black "Ortiz Suarez, Isan Reynaldo"]
[Result "1/2-1/2"]
[WhiteElo "2278"]
[BlackElo "2569"]
[PlyCount "186"]
[EventDate "2012.08.01"]
[EventType "swiss"]
[EventRounds "9"]
[EventCountry "ESP"]
[SourceTitle "Ajedrez en Madrid"]
[Source "lmi"]
[SourceDate "2012.08.01"]
[SourceVersion "1"]
[SourceVersionDate "2018.07.18"]
[SourceQuality "1"]

1. e4 c5 2. Nf3 d6 3. d4 cxd4 4. Nxd4 Nf6 5. Nc3 a6 6. Be2 e6 7. O-O Qc7 8. f4
Be7 9. Be3 Nc6 10. Kh1 O-O 11. Qe1 Nxd4 12. Bxd4 b5 13. a3 Bb7 14. Qg3 g6 15.
Bd3 Nh5 16. Qg4 Nxf4 17. Qxf4 e5 18. Qf2 exd4 19. Qxd4 Qc5 20. Qxc5 dxc5 21. e5
Rad8 22. Rae1 Kg7 23. Re2 Rd4 24. Be4 Bc8 25. Bf3 Be6 26. Rd1 Rxd1+ 27. Nxd1
Rd8 28. Ne3 c4 29. Kg1 Bc5 30. Kf1 a5 31. c3 h5 32. Be4 Rd3 33. Kf2 Rd1 34. Kf3
Rd8 35. h3 h4 36. Re1 f5 37. exf6+ Kxf6 38. Ke2 g5 39. Ng4+ Kg7 40. Bc6 b4 41.
axb4 axb4 42. Rd1 Rf8 43. cxb4 Bxb4 44. Bd5 Bf5 45. Bxc4 Re8+ 46. Kf1 Re4 47.
Be2 Be7 48. Bf3 Rb4 49. Ne3 Be6 50. Nd5 Bxd5 51. Rxd5 Rxb2 52. Rd7 Kf6 53. Rb7
Rc2 54. Rb6+ Ke5 55. Rb3 Bc5 56. Bb7 Rf2+ 57. Ke1 Rf7 58. Bc6 Rc7 59. Bb7 Bd4
60. Ba8 Re7 61. Kd2 Ra7 62. Bc6 Ra2+ 63. Kd3 Ba7 64. Rb5+ Kf6 65. Be4 Ra3+ 66.
Kc2 Ra4 67. Bf3 Be3 68. Kd3 Bg1 69. Rd5 Bh2 70. Rd4 Ra3+ 71. Ke4 Bf4 72. Rd3
Ra1 73. Rd1 Ra4+ 74. Rd4 Ra7 75. Rd5 Be5 76. Rc5 Ra4+ 77. Kd3 Ra1 78. Be4 Ra3+
79. Kc2 Re3 80. Rc6+ Ke7 81. Bf3 Bd6 82. Rc3 Re5 83. Rc4 Kf6 84. Rc6 Ke6 85.
Bg4+ Ke7 86. Kd3 Ra5 87. Ke4 Re5+ 88. Kd3 Re1 89. Rc2 Kf6 90. Re2 Rd1+ 91. Kc4
Rc1+ 92. Kd5 Bf4 93. Re6+ Kg7 1/2-1/2

[Event "38. Open Ciutat de Badalona 2012"]
[Site "Badalona ESP"]
[Date "2012.08.01"]
[Round "1.3"]
[White "Hernandez, Carmenate Holden"]
[Black "Meessen, Rudolf"]
[Result "1-0"]
[WhiteElo "2566"]
[BlackElo "2273"]
[PlyCount "61"]
[EventDate "2012.08.01"]
[EventType "swiss"]
[EventRounds "9"]
[EventCountry "ESP"]
[SourceTitle "Ajedrez en Madrid"]
[Source "lmi"]
[SourceDate "2012.08.01"]
[SourceVersion "1"]
[SourceVersionDate "2018.07.18"]
[SourceQuality "1"]

1. d4 Nf6 2. c4 c5 3. Nf3 cxd4 4. Nxd4 e5 5. Nb5 d5 6. cxd5 Bc5 7. g3 O-O 8.
N5c3 e4 9. Bg2 Re8 10. O-O Bf5 11. Bg5 Nbd7 12. e3 h6 13. Bxf6 Nxf6 14. a3 Qd7
15. Nd2 Rad8 16. Rc1 Bf8 17. Qb3 Bh3 18. Rfd1 Bxg2 19. Kxg2 Re5 20. Qc4 Rh5 21.
h4 Rc8 22. Qd4 Bc5 23. Qa4 b5 24. Qxb5 Qf5 25. Qe2 Bd6 26. Ncxe4 Rxc1 27. Nxf6+
gxf6 28. Rxc1 Qe5 29. Qg4+ Kf8 30. Nc4 Qxd5+ 31. e4 1-0

[Event "38. Open Ciutat de Badalona 2012"]
[Site "Badalona ESP"]
[Date "2012.08.01"]
[Round "1.4"]
[White "Garcia Blanco, Omar"]
[Black "Gonzalez Garcia, Jose"]
[Result "1/2-1/2"]
[WhiteElo "2272"]
[BlackElo "2532"]
[PlyCount "76"]
[EventDate "2012.08.01"]
[EventType "swiss"]
[EventRounds "9"]
[EventCountry "ESP"]
[SourceTitle "Ajedrez en Madrid"]
[Source "lmi"]
[SourceDate "2012.08.01"]
[SourceVersion "1"]
[SourceVersionDate "2018.07.18"]
[SourceQuality "1"]

1. e4 c5 2. c3 d5 3. exd5 Qxd5 4. d4 Nf6 5. Nf3 e6 6. Na3 Nc6 7. Nb5 Qd8 8.
dxc5 Bxc5 9. Qxd8+ Kxd8 10. Bf4 Ne4 11. Rd1+ Ke7 12. Nbd4 Nxd4 13. Nxd4 Rd8 14.
Bd3 Nf6 15. Be3 Bb6 16. Nc2 Bxe3 17. Nxe3 Bd7 18. Ke2 Bc6 19. f3 g5 20. h4 Nh5
21. Kf2 Nf4 22. Bc2 Rxd1 23. Rxd1 gxh4 24. Rd4 Ng6 25. Bxg6 hxg6 26. Rxh4 e5
27. Nc4 Kf6 28. f4 e4 29. Ne5 e3+ 30. Kxe3 Bxg2 31. c4 Re8 32. Rh7 Re7 33. Rh2
Bc6 34. Kd4 Kf5 35. Rf2 Be8 36. c5 Bb5 37. b3 f6 38. a4 Bc6 1/2-1/2

[Event "38. Open Ciutat de Badalona 2012"]
[Site "Badalona ESP"]
[Date "2012.08.01"]
[Round "1.5"]
[White "Arun Prasad, S."]
[Black "Webb, Laurence E"]
[Result "1-0"]
[WhiteElo "2531"]
[BlackElo "2269"]
[PlyCount "71"]
[EventDate "2012.08.01"]
[EventType "swiss"]
[EventRounds "9"]
[EventCountry "ESP"]
[SourceTitle "Ajedrez en Madrid"]
[Source "lmi"]
[SourceDate "2012.08.01"]
[SourceVersion "1"]
[SourceVersionDate "2018.07.18"]
[SourceQuality "1"]

1. c4 e5 2. g3 Nc6 3. Bg2 f5 4. Nc3 Nf6 5. d3 Bb4 6. Bd2 O-O 7. a3 Bxc3 8. Bxc3
d6 9. Nf3 Qe8 10. b4 Qh5 11. b5 Nd8 12. a4 Kh8 13. a5 Rb8 14. e3 f4 15. gxf4
exf4 16. e4 Bh3 17. Bxh3 Qxh3 18. Kd2 Ne6 19. Nd4 Nc5 20. f3 Ng4 21. Qf1 Qxf1
22. Rhxf1 Ne5 23. Kc2 Nexd3 24. b6 axb6 25. axb6 cxb6 26. Nf5 Ne5 27. Nxd6 Ncd7
28. Rad1 Kg8 29. Rd5 Ng6 30. Rg1 Nc5 31. h4 Ne6 32. Nf5 Rfe8 33. h5 Ne7 34. Rd2
Kf8 35. Nxg7 Nxg7 36. Rxg7 1-0

[Event "38. Open Ciutat de Badalona 2012"]
[Site "Badalona ESP"]
[Date "2012.08.01"]
[Round "1.6"]
[White "Guerrero Sierra, Juan Carlos"]
[Black "Lalith, Babu M R"]
[Result "0-1"]
[WhiteElo "2268"]
[BlackElo "2515"]
[PlyCount "60"]
[EventDate "2012.08.01"]
[EventType "swiss"]
[EventRounds "9"]
[EventCountry "ESP"]
[SourceTitle "Ajedrez en Madrid"]
[Source "lmi"]
[SourceDate "2012.08.01"]
[SourceVersion "1"]
[SourceVersionDate "2018.07.18"]
[SourceQuality "1"]

1. d4 Nf6 2. c4 e6 3. Nf3 c5 4. d5 b5 5. Bg5 exd5 6. cxd5 d6 7. a4 b4 8. e4 Be7
9. Bb5+ Bd7 10. Qd3 O-O 11. Nbd2 h6 12. Bxf6 Bxf6 13. Nc4 Bg4 14. Nfd2 a6 15.
Bc6 Nxc6 16. dxc6 Rc8 17. Qxd6 Qxd6 18. Nxd6 Rxc6 19. N6c4 Rd8 20. f3 Be6 21.
g3 g5 22. Ke2 g4 23. fxg4 Bxc4+ 24. Nxc4 Rd4 25. Nd2 c4 26. e5 Be7 27. Rac1 f6
28. Ke3 Bc5 29. Ke2 Bb6 30. h3 fxe5 0-1

[Event "38. Open Ciutat de Badalona 2012"]
[Site "Badalona ESP"]
[Date "2012.08.01"]
[Round "1.8"]
[White "Franco Valencia, Beatriz Irene"]
[Black "Bellini, Fabio"]
[Result "0-1"]
[WhiteElo "2253"]
[BlackElo "2504"]
[PlyCount "96"]
[EventDate "2012.08.01"]
[EventType "swiss"]
[EventRounds "9"]
[EventCountry "ESP"]
[SourceTitle "Ajedrez en Madrid"]
[Source "lmi"]
[SourceDate "2012.08.01"]
[SourceVersion "1"]
[SourceVersionDate "2018.07.18"]
[SourceQuality "1"]

1. d4 g6 2. c4 Bg7 3. Nc3 d6 4. Nf3 Bg4 5. e3 c5 6. dxc5 Bxc3+ 7. bxc3 dxc5 8.
Qxd8+ Kxd8 9. Ne5 Be6 10. Ba3 Na6 11. O-O-O+ Kc8 12. Nd3 b6 13. Be2 Nf6 14. Bf3
Rb8 15. Ne5 Kc7 16. Bd5 Ng4 17. Nd3 Bf5 18. h3 Bxd3 19. hxg4 Be2 20. Rd2 Bxg4
21. Bxf7 Rbf8 22. Bd5 Rd8 23. Be4 Rxd2 24. Kxd2 Be6 25. Bd5 Kd6 26. e4 Bd7 27.
Bf7 Be6 28. Bxg6 Rf8 29. Bf5 Bxf5 30. exf5 Rxf5 31. Ke3 Rf7 32. Rd1+ Kc7 33.
Rh1 Nb8 34. f3 Nc6 35. Ke4 e6 36. Bc1 Kd7 37. Bg5 Rg7 38. f4 Na5 39. Ke5 Nxc4+
40. Kf6 Rg6+ 41. Kf7 Nd6+ 42. Kf8 h6 43. Be7 Nf5 44. Rd1+ Kc6 45. Rd2 Rg4 46.
Re2 Rxf4 47. Rxe6+ Kd7 48. Rf6 Nxe7 0-1

[Event "38. Open Ciutat de Badalona 2012"]
[Site "Badalona ESP"]
[Date "2012.08.01"]
[Round "1.9"]
[White "Barrientos, Sergio E"]
[Black "Castro, Jose Luis"]
[Result "1-0"]
[WhiteElo "2500"]
[BlackElo "2252"]
[PlyCount "67"]
[EventDate "2012.08.01"]
[EventType "swiss"]
[EventRounds "9"]
[EventCountry "ESP"]
[SourceTitle "Ajedrez en Madrid"]
[Source "lmi"]
[SourceDate "2012.08.01"]
[SourceVersion "1"]
[SourceVersionDate "2018.07.18"]
[SourceQuality "1"]

1. e4 c5 2. Nf3 Nc6 3. d4 cxd4 4. Nxd4 Nf6 5. Nc3 e5 6. Ndb5 d6 7. Bg5 a6 8.
Na3 b5 9. Nd5 Be7 10. Bxf6 Bxf6 11. c4 b4 12. Nc2 O-O 13. g3 Bg5 14. h4 Bh6 15.
Bh3 Qa5 16. b3 Be6 17. Kf1 Qc5 18. Kg2 Ra7 19. Qe1 a5 20. Rd1 Rb8 21. Nde3 Bxe3
22. Qxe3 a4 23. Qd3 Rd8 24. Bxe6 fxe6 25. h5 axb3 26. axb3 Ra2 27. h6 g6 28.
Ra1 Rda8 29. Rxa2 Rxa2 30. Rd1 Na5 31. Ne3 Nb7 32. Ng4 Qc6 33. Qf3 Ra8 34. Nf6+
1-0

[Event "38. Open Ciutat de Badalona 2012"]
[Site "Badalona ESP"]
[Date "2012.08.01"]
[Round "1.10"]
[White "Gomez Jurado, Luis Alberto"]
[Black "Obregon Rivero, Juan Carlos"]
[Result "0-1"]
[WhiteElo "2250"]
[BlackElo "2497"]
[PlyCount "86"]
[EventDate "2012.08.01"]
[EventType "swiss"]
[EventRounds "9"]
[EventCountry "ESP"]
[SourceTitle "Ajedrez en Madrid"]
[Source "lmi"]
[SourceDate "2012.08.01"]
[SourceVersion "1"]
[SourceVersionDate "2018.07.18"]
[SourceQuality "1"]

1. c4 Nf6 2. g3 g6 3. Bg2 d5 4. cxd5 Nxd5 5. Nc3 Nb6 6. d3 Bg7 7. Be3 Nc6 8.
Qd2 Nd4 9. Nf3 e5 10. Rc1 h5 11. h4 Qe7 12. O-O c6 13. Ne4 Nd5 14. Bxd4 exd4
15. Rc4 Bg4 16. Nxd4 Nb6 17. Rb4 c5 18. Nxc5 Qxc5 19. Nb3 Qe7 20. a4 Be6 21. a5
Nd5 22. Rb5 Qd7 23. Rc5 O-O 24. d4 b6 25. Rcc1 Bh3 26. e4 Bxg2 27. Kxg2 Nf6 28.
f3 Qb5 29. Qc3 Rab8 30. Rf2 Nd7 31. e5 Rfd8 32. f4 Nf8 33. axb6 Qd5+ 34. Qf3
Rxb6 35. Qxd5 Rxd5 36. Rc5 Rd8 37. Rf3 Ne6 38. Rc4 Bf8 39. Rd3 Rd5 40. Kf3 Rdb5
41. Nd2 Rxb2 42. Ne4 R6b3 43. Rxb3 Rxb3+ 0-1

[Event "38. Open Ciutat de Badalona 2012"]
[Site "Badalona ESP"]
[Date "2012.08.02"]
[Round "2.2"]
[White "Larduet Despaigne, Carlos"]
[Black "Hernandez, Carmenate Holden"]
[Result "1/2-1/2"]
[WhiteElo "2370"]
[BlackElo "2566"]
[PlyCount "104"]
[EventDate "2012.08.01"]
[EventType "swiss"]
[EventRounds "9"]
[EventCountry "ESP"]
[SourceTitle "Ajedrez en Madrid"]
[Source "lmi"]
[SourceDate "2012.08.01"]
[SourceVersion "1"]
[SourceVersionDate "2018.07.18"]
[SourceQuality "1"]

1. d4 Nf6 2. c4 e6 3. Nf3 b6 4. g3 Bb7 5. Bg2 Be7 6. O-O O-O 7. Nc3 Ne4 8. Nxe4
Bxe4 9. Ne1 Bxg2 10. Nxg2 d5 11. Qa4 c6 12. Rd1 dxc4 13. Qxc4 b5 14. Qc2 Qb6
15. Be3 Qb7 16. Nf4 Na6 17. Nd3 Rac8 18. Rac1 Rfd8 19. f3 h6 20. a3 Bf6 21. Nc5
Nxc5 22. Qxc5 Rd5 23. Qc2 Qb6 24. Qc3 Qd8 25. Rd2 c5 26. b4 c4 27. Rcd1 a5 28.
bxa5 Ra8 29. a4 bxa4 30. Qxc4 Rdxa5 31. Ra2 a3 32. Kg2 Be7 33. Bf4 Ra4 34. Qd3
Qd5 35. Rdd2 Rd8 36. e4 Qa8 37. d5 exd5 38. exd5 Bb4 39. Rd1 Ra5 40. d6 g5 41.
Qc4 Ra4 42. Rd4 gxf4 43. Rxf4 Qa7 44. Rg4+ Kf8 45. Qb5 Rxd6 46. Rxb4 Ra5 47.
Qb8+ Qxb8 48. Rxb8+ Ke7 49. Rb3 Rda6 50. Rd3 Ke6 51. Re2+ Kf5 52. Ra2 Ke5
1/2-1/2

[Event "38. Open Ciutat de Badalona 2012"]
[Site "Badalona ESP"]
[Date "2012.08.02"]
[Round "2.3"]
[White "Kiewra, Keaton F"]
[Black "Arun Prasad, S."]
[Result "1-0"]
[WhiteElo "2364"]
[BlackElo "2531"]
[PlyCount "111"]
[EventDate "2012.08.01"]
[EventType "swiss"]
[EventRounds "9"]
[EventCountry "ESP"]
[SourceTitle "Ajedrez en Madrid"]
[Source "lmi"]
[SourceDate "2012.08.01"]
[SourceVersion "1"]
[SourceVersionDate "2018.07.18"]
[SourceQuality "1"]

1. e4 c5 2. Nf3 d6 3. d4 cxd4 4. Nxd4 Nf6 5. Nc3 a6 6. Bg5 e6 7. f4 Be7 8. Qf3
h6 9. Bh4 Nbd7 10. O-O-O Qc7 11. Be2 Rb8 12. Qg3 Rg8 13. Bxf6 Nxf6 14. Rhf1 g5
15. f5 e5 16. Nb3 Bd7 17. Nd5 Nxd5 18. exd5 Rc8 19. Bd3 Bf6 20. Nd2 e4 21. Rde1
Kd8 22. Nxe4 Be5 23. Qf2 Qa5 24. Kb1 Qxd5 25. Qb6+ Rc7 26. Rd1 Qc6 27. Qb3 Ke7
28. Rde1 Kf8 29. g3 Be8 30. Nd2 b5 31. f6 g4 32. Rxe5 dxe5 33. Ne4 Rg6 34. Qa3+
Kg8 35. Nd6 Rg5 36. Be4 Qd7 37. Qxa6 Qd8 38. Nxb5 Rd7 39. a4 Rh5 40. Rf2 Rd1+
41. Ka2 Bd7 42. Nc3 Rd6 43. Qa7 Qc8 44. Qb7 Be6+ 45. b3 Qd8 46. Qe7 Qb8 47. Nb5
Ra6 48. Rd2 Rxa4+ 49. Kb2 Rxe4 50. Rd8+ Qxd8 51. Qxd8+ Kh7 52. Nd6 Rd4 53. Qf8
Rg5 54. Nxf7 Bxf7 55. Qxf7+ Kh8 56. Qe8+ 1-0

[Event "38. Open Ciutat de Badalona 2012"]
[Site "Badalona ESP"]
[Date "2012.08.02"]
[Round "2.4"]
[White "Lalith, Babu M R"]
[Black "Gallego Alcaraz, Andres Felipe"]
[Result "1-0"]
[WhiteElo "2515"]
[BlackElo "2377"]
[PlyCount "129"]
[EventDate "2012.08.01"]
[EventType "swiss"]
[EventRounds "9"]
[EventCountry "ESP"]
[SourceTitle "Ajedrez en Madrid"]
[Source "lmi"]
[SourceDate "2012.08.01"]
[SourceVersion "1"]
[SourceVersionDate "2018.07.18"]
[SourceQuality "1"]

1. d4 Nf6 2. c4 g6 3. Nc3 d5 4. Nf3 Bg7 5. Qb3 dxc4 6. Qxc4 O-O 7. e4 Bg4 8.
Be3 Nfd7 9. Rd1 Nb6 10. Qb3 e6 11. Be2 Nc6 12. e5 a5 13. O-O a4 14. Qc2 Nb4 15.
Qc1 N4d5 16. Bd2 a3 17. bxa3 Qe7 18. Nb5 Qd7 19. Qb2 Ra4 20. Nc3 Nc4 21. Qc2
Nxd2 22. Nxa4 Nxf1 23. Kxf1 Ra8 24. Nc5 Qc6 25. Qb3 Bf8 26. Rc1 Qb6 27. a4 Qa7
28. h3 Bxc5 29. Rxc5 Bxf3 30. Bxf3 c6 31. a5 Qb8 32. Kg1 Qc8 33. a3 Ne7 34. Be4
Qd7 35. Qb4 Nd5 36. Bxd5 exd5 37. Qb3 Ra7 38. Qc2 Qd8 39. Qd2 Kg7 40. Kh2 Qh4
41. Qe3 Qe7 42. g4 g5 43. Kg2 h6 44. Kg3 Ra8 45. Qf3 Qd8 46. Kg2 Kg8 47. Qc3
Qd7 48. Qb2 Qe7 49. Qd2 Qd8 50. h4 Kg7 51. h5 Qd7 52. f3 Qe7 53. f4 gxf4 54.
Qxf4 Qh4 55. Rc3 Rxa5 56. Rf3 Qe7 57. g5 hxg5 58. h6+ Kxh6 59. Qg4 Kg7 60. Rf5
Rxa3 61. Rxg5+ Qxg5 62. Qxg5+ Kf8 63. Qd8+ Kg7 64. Qe7 Ra2+ 65. Kf3 1-0

[Event "38. Open Ciutat de Badalona 2012"]
[Site "Badalona ESP"]
[Date "2012.08.02"]
[Round "2.5"]
[White "Colon Garcia, Enrique"]
[Black "Perez Mitjans, Orelvis"]
[Result "1-0"]
[WhiteElo "2339"]
[BlackElo "2504"]
[PlyCount "103"]
[EventDate "2012.08.01"]
[EventType "swiss"]
[EventRounds "9"]
[EventCountry "ESP"]
[SourceTitle "Ajedrez en Madrid"]
[Source "lmi"]
[SourceDate "2012.08.01"]
[SourceVersion "1"]
[SourceVersionDate "2018.07.18"]
[SourceQuality "1"]

1. d4 Nf6 2. c4 g6 3. Nc3 Bg7 4. Nf3 O-O 5. Bg5 c5 6. e3 d6 7. Be2 h6 8. Bh4 g5
9. Bg3 Nh5 10. d5 Na6 11. Nd2 Nxg3 12. hxg3 f5 13. Qb3 Nc7 14. O-O-O Rb8 15. f4
g4 16. e4 b5 17. e5 Bd7 18. Qc2 b4 19. Ncb1 Rb6 20. e6 Be8 21. Bd3 Ra6 22. b3
Na8 23. Nf1 Qa5 24. Rd2 Nb6 25. Ne3 Na4 26. Nxf5 Rxf5 27. Bxf5 Nc3 28. Nxc3
bxc3 29. Re2 Rb6 30. Kd1 Qa3 31. Qc1 Qb4 32. Bb1 Ba4 33. Bc2 Be8 34. f5 Ra6 35.
a4 Bxa4 36. bxa4 Qxc4 37. f6 Qd4+ 38. Ke1 Qxf6 39. Rf1 Qd4 40. Qf4 Qxf4 41.
Rxf4 Rb6 42. Rxg4 Rb2 43. Rf2 Kh8 44. Kd1 h5 45. Rg5 Bf6 46. Rxh5+ Kg8 47. Bh7+
Kg7 48. Rxb2 cxb2 49. Kc2 Bd4 50. g4 c4 51. Be4 Kf6 52. Rf5+ 1-0

[Event "38. Open Ciutat de Badalona 2012"]
[Site "Badalona ESP"]
[Date "2012.08.02"]
[Round "2.6"]
[White "Bellini, Fabio"]
[Black "Ynojosa, Felix Jose"]
[Result "0-1"]
[WhiteElo "2504"]
[BlackElo "2374"]
[PlyCount "110"]
[EventDate "2012.08.01"]
[EventType "swiss"]
[EventRounds "9"]
[EventCountry "ESP"]
[SourceTitle "Ajedrez en Madrid"]
[Source "lmi"]
[SourceDate "2012.08.01"]
[SourceVersion "1"]
[SourceVersionDate "2018.07.18"]
[SourceQuality "1"]

1. e4 c5 2. Nf3 Nc6 3. Bb5 e6 4. Bxc6 bxc6 5. d3 d5 6. c4 Nf6 7. Nc3 Be7 8. O-O
O-O 9. Bg5 h6 10. Bxf6 Bxf6 11. e5 Be7 12. Qe2 Bd7 13. Na4 Kh7 14. Qc2 d4 15.
Nd2 f6 16. Ne4 Qa5 17. exf6 gxf6 18. Rae1 Rae8 19. f4 e5 20. fxe5 f5 21. e6
Bxe6 22. Nexc5 Bc8 23. Ne6 Rg8 24. c5 Bh4 25. b4 Qxb4 26. Rb1 Qxb1 27. Qxb1
Rxe6 28. Qb8 Reg6 29. g3 Be6 30. Qe5 Bg5 31. Rxf5 Bxf5 32. Qxf5 Bc1 33. Kg2
R8g7 34. Qc8 Rf7 35. Nb6 axb6 36. cxb6 Bf4 37. a4 h5 38. Kh3 Bd6 39. Qxc6 h4
40. Qd5 Rfg7 41. g4 Re7 42. g5 Re5 43. Qf7+ Rg7 44. Qf6 Rg6 45. Qf7+ Rg7 46.
Qh5+ Kg8 47. Qh6 Re3+ 48. Kg4 Bxh2 49. Qc6 Rg3+ 50. Kh5 R3xg5+ 51. Kxh4 Bg3+
52. Kh3 Be5 53. Qe8+ Kh7 54. Kh4 Rg4+ 55. Kh3 Rg3+ 0-1

[Event "38. Open Ciutat de Badalona 2012"]
[Site "Badalona ESP"]
[Date "2012.08.02"]
[Round "2.7"]
[White "Mestre Bellido, Hector"]
[Black "Barrientos, Sergio E"]
[Result "0-1"]
[WhiteElo "2321"]
[BlackElo "2500"]
[PlyCount "68"]
[EventDate "2012.08.01"]
[EventType "swiss"]
[EventRounds "9"]
[EventCountry "ESP"]
[SourceTitle "Ajedrez en Madrid"]
[Source "lmi"]
[SourceDate "2012.08.01"]
[SourceVersion "1"]
[SourceVersionDate "2018.07.18"]
[SourceQuality "1"]

1. e4 c5 2. Nf3 d6 3. d4 cxd4 4. Nxd4 Nf6 5. Nc3 a6 6. Be2 Nbd7 7. O-O g6 8. f4
Bg7 9. Kh1 O-O 10. Bf3 Qc7 11. g4 e5 12. Nde2 exf4 13. g5 Ne8 14. Nxf4 Ne5 15.
Bg2 Qd8 16. Nfd5 Be6 17. Qe1 Rc8 18. Qh4 Bxd5 19. exd5 Rc4 20. Qg3 f5 21. gxf6
Nxf6 22. Bg5 Nf7 23. Bd2 Nh5 24. Qf2 Ne5 25. Qe3 Rh4 26. Rxf8+ Bxf8 27. Qe1 Bg7
28. Ne4 h6 29. Nxd6 Ng4 30. Qe6+ Kh7 31. Nc4 Rxh2+ 32. Kg1 Qh4 33. Be1 Rh1+ 34.
Bxh1 Qh2+ 0-1

[Event "38. Open Ciutat de Badalona 2012"]
[Site "Badalona ESP"]
[Date "2012.08.02"]
[Round "2.8"]
[White "Obregon Rivero, Juan Carlos"]
[Black "Fernandez Reyes, Lisandro"]
[Result "1-0"]
[WhiteElo "2497"]
[BlackElo "2367"]
[PlyCount "101"]
[EventDate "2012.08.01"]
[EventType "swiss"]
[EventRounds "9"]
[EventCountry "ESP"]
[SourceTitle "Ajedrez en Madrid"]
[Source "lmi"]
[SourceDate "2012.08.01"]
[SourceVersion "1"]
[SourceVersionDate "2018.07.18"]
[SourceQuality "1"]

1. e4 Nf6 2. e5 Nd5 3. d4 d6 4. Nf3 g6 5. Be2 Bg7 6. c4 Nb6 7. exd6 cxd6 8. O-O
O-O 9. Nc3 Bg4 10. b3 Nc6 11. Be3 d5 12. c5 Nc8 13. b4 a6 14. h3 Bxf3 15. Bxf3
e6 16. a4 N8e7 17. Rb1 Nf5 18. Ne2 Nh4 19. b5 axb5 20. axb5 Nxf3+ 21. gxf3 Na5
22. f4 Nc4 23. Ra1 Ra5 24. b6 Qa8 25. Rxa5 Qxa5 26. Qa1 Qb5 27. Rb1 Qd7 28. Qa2
e5 29. dxe5 Rc8 30. Kg2 Qf5 31. Ng3 Qe6 32. Bd4 Bf8 33. Rb5 Qe8 34. Qb3 Ra8 35.
Ne4 Be7 36. Nd6 Qc6 37. Rb4 Ra3 38. Qd1 h5 39. Rb3 Ra2 40. Rg3 Kh7 41. Qb1 Re2
42. f5 Re4 43. Nxe4 dxe4 44. e6 h4 45. Rg4 Nd2 46. Qd1 e3+ 47. f3 Qb5 48. exf7
gxf5 49. Rg7+ Kh6 50. Qe1 f4 51. f8=Q 1-0

[Event "38. Open Ciutat de Badalona 2012"]
[Site "Badalona ESP"]
[Date "2012.08.02"]
[Round "2.9"]
[White "Fluvia Poyatos, Joan"]
[Black "Vehi Bach, Victor Manuel"]
[Result "1/2-1/2"]
[WhiteElo "2491"]
[BlackElo "2357"]
[PlyCount "67"]
[EventDate "2012.08.01"]
[EventType "swiss"]
[EventRounds "9"]
[EventCountry "ESP"]
[SourceTitle "Ajedrez en Madrid"]
[Source "lmi"]
[SourceDate "2012.08.01"]
[SourceVersion "1"]
[SourceVersionDate "2018.07.18"]
[SourceQuality "1"]

1. e4 c5 2. Nf3 e6 3. d4 cxd4 4. Nxd4 Nf6 5. Nc3 d6 6. g4 h6 7. h4 Nc6 8. Rg1
d5 9. exd5 Nxd5 10. Nxd5 Qxd5 11. Bg2 Qc4 12. Nxc6 bxc6 13. Qe2 Qxe2+ 14. Kxe2
Ba6+ 15. Ke1 Bb7 16. Be3 Be7 17. h5 O-O-O 18. Bxa7 c5 19. Bb6 Rd4 20. Rd1 Rxd1+
21. Kxd1 Bxg2 22. Rxg2 Kb7 23. Ba5 Bf6 24. b4 Ka6 25. a3 Kb5 26. f4 Bc3 27. Rg3
cxb4 28. Bxb4 Rd8+ 29. Kc1 Bxb4 30. Rb3 Rd4 31. c3 Rxf4 32. Rxb4+ Rxb4 33. cxb4
g5 34. Kd2 1/2-1/2

[Event "38. Open Ciutat de Badalona 2012"]
[Site "Badalona ESP"]
[Date "2012.08.02"]
[Round "2.10"]
[White "Fernandez Cardoso, Alexey"]
[Black "Ostos, Julio"]
[Result "1-0"]
[WhiteElo "2449"]
[BlackElo "2345"]
[PlyCount "89"]
[EventDate "2012.08.01"]
[EventType "swiss"]
[EventRounds "9"]
[EventCountry "ESP"]
[SourceTitle "Ajedrez en Madrid"]
[Source "lmi"]
[SourceDate "2012.08.01"]
[SourceVersion "1"]
[SourceVersionDate "2018.07.18"]
[SourceQuality "1"]

1. e4 e6 2. d4 d5 3. Nd2 Nf6 4. e5 Nfd7 5. f4 c5 6. Ngf3 Nc6 7. Nb3 cxd4 8.
Nbxd4 Qb6 9. c3 Bc5 10. Be2 a5 11. O-O g5 12. Nxg5 Bxd4+ 13. cxd4 Qxd4+ 14.
Qxd4 Nxd4 15. Bh5 O-O 16. Rd1 Nc2 17. Rb1 Nc5 18. Bd2 d4 19. Rdc1 d3 20. Bd1 b6
21. Bxc2 dxc2 22. Rxc2 Ba6 23. Rc3 h6 24. Nf3 Nd3 25. Be3 Nb4 26. Bxb6 Nd5 27.
Bxa5 Nxc3 28. Bxc3 Bd3 29. Ra1 Ra4 30. g3 Be4 31. Nd2 Bb7 32. a3 Rd8 33. Kf2
Rd3 34. Nb3 Rd5 35. Bb4 Rb5 36. Rd1 Raxb4 37. axb4 Rxb4 38. Rd8+ Kg7 39. Nc5
Rxb2+ 40. Ke3 Bc6 41. Rc8 Bd5 42. Nd7 Rxh2 43. Nf6 h5 44. Rg8+ Kh6 45. g4 1-0

[Event "38. Open Ciutat de Badalona 2012"]
[Site "Badalona ESP"]
[Date "2012.08.03"]
[Round "3.1"]
[White "Cordova, Emilio"]
[Black "Cruz, Filemon"]
[Result "1/2-1/2"]
[WhiteElo "2572"]
[BlackElo "2410"]
[PlyCount "74"]
[EventDate "2012.08.01"]
[EventType "swiss"]
[EventRounds "9"]
[EventCountry "ESP"]
[SourceTitle "Ajedrez en Madrid"]
[Source "lmi"]
[SourceDate "2012.08.01"]
[SourceVersion "1"]
[SourceVersionDate "2018.07.18"]
[SourceQuality "1"]

1. d4 d5 2. c4 c6 3. Nf3 Nf6 4. e3 Bf5 5. Nc3 e6 6. Nh4 Bg6 7. Qb3 Qc7 8. Nxg6
hxg6 9. h3 Nbd7 10. Bd2 Rc8 11. Rc1 Qb8 12. Bd3 Bd6 13. a4 Kf8 14. a5 a6 15.
Qa4 Kg8 16. f4 c5 17. cxd5 cxd4 18. exd4 Bxf4 19. dxe6 fxe6 20. Qb3 Kh7 21. Rf1
Bxd2+ 22. Kxd2 Qd6 23. Qxb7 Rc6 24. Ne2 Rxc1 25. Rxc1 Rb8 26. Qc7 Rxb2+ 27. Ke1
Qa3 28. Rc3 Qa1+ 29. Rc1 Qa3 30. Rd1 Qb4+ 31. Kf1 Qb3 32. Ke1 Qb4+ 33. Kf1 Qb3
34. Qc1 Nd5 35. Rd2 Rxd2 36. Qxd2 Nb4 37. Qc1 Nd5 1/2-1/2